| 000 | 01167nam2a22002291 4500 | ||
|---|---|---|---|
| 001 | rc\4744365 | ||
| 005 | 20250612015836.0 | ||
| 035 | _a(NLR Aleph) 008454534 | ||
| 090 |
_a7830358 _c7830358 |
||
| 100 | _a20130416d1959 |||y0rusy50 ca | ||
| 101 | 0 | _arus | |
| 102 | _aRU | ||
| 105 | _aa z ||||| | ||
| 200 | 1 | _aАльбом схем | |
| 210 |
_d[1959] _aБ. м. |
||
| 215 | _a60 л. схем. в папке | ||
| 461 | 0 |
_1001rc\4744359 _12001#$aОперации Советских Вооруженных Сил в Великой Отечественной Войне 1941-1945$eВоен.-ист. очерк$fОтв. ред. ген.-лейт. Платонов С.П.$gВоен.-науч. упр. Ген. штаба. Воен.-ист. отд.$vТ. 4. Прил. _97830324 _cМосква _d1958 _fОтв. ред. ген.-лейт. Платонов С.П. _nВоениздат _oВоен.-ист. очерк _tОперации Советских Вооруженных Сил в Великой Отечественной Войне 1941-1945 _vТ. 4. Прил. |
|
| 801 | 0 |
_aRU _bNLR _gpsbo |
|
| 801 | 1 |
_aRU _bELAR _2rusmarc |
|
| 852 |
_aNLR _j93-5/2140 |
||
| 942 | _cBOOK | ||
| 980 | _aNB | ||